000 00537nam a22002057a 4500
003 UA-OsUOA
001 38836
007 ta
008 20080220b un ||||| |||| 00| 0 ukr d
090 _a050
942 _cMG
040 _aUA-OsUOA
_beng
_cUA-OsUOA
_dUA-OsUOA
245 _aTrident. Вісник Союзу українських філателістів і нумізматиків
955 _a1
041 _aeng
080 _a050
310 _a№ 44, 45, 1991; № 48, 49, 50, 51, 53, 1992;
650 7 _2UDC
999 _c437352
_d437352